Loading...
Current Events | 5 | 6.00 | 60% | 0% | 0% |
Fine Arts - Classical Music | 5 | 14.00 | 100% | 40% | 0% |
Fine Arts - Other Fine Arts | 3 | 13.33 | 67% | 67% | 0% |
Fine Arts - Painting and Sculpture | 2 | 10.00 | 100% | 0% | 0% |
Geography | 2 | 0.00 | 0% | 0% | 0% |
History - American History | 2 | 5.00 | 0% | 0% | 50% |
History - European History | 3 | 13.33 | 100% | 0% | 33% |
History - Other History | 1 | 10.00 | 100% | 0% | 0% |
History - World History | 4 | 10.00 | 100% | 0% | 0% |
Literature - Drama | 3 | 0.00 | 0% | 0% | 0% |
Literature - Long Fiction | 8 | 8.75 | 63% | 13% | 13% |
Literature - Misc Literature | 3 | 6.67 | 67% | 0% | 0% |
Literature - Poetry | 4 | 12.50 | 100% | 25% | 0% |
Literature - Short Fiction | 2 | 0.00 | 0% | 0% | 0% |
Mythology | 1 | 10.00 | 100% | 0% | 0% |
Other Academic | 3 | 16.67 | 100% | 67% | 0% |
Philosophy | 3 | 10.00 | 100% | 0% | 0% |
Science - Biology | 2 | 20.00 | 100% | 100% | 0% |
Science - Chemistry | 1 | 10.00 | 100% | 0% | 0% |
Science - Physics | 2 | 10.00 | 100% | 0% | 0% |
Social Science | 4 | 10.00 | 75% | 25% | 0% |